000 00592cam a22002053a 4500
001 41614
003 PGUSA
005 20140828083935.0
008 121213s2012||||xxu|||||s|||||000 | eng d
040 _aPGUSA
_beng
042 _adc
100 1 _aSaint-Thomas, Charles Du Verger
245 1 0 _aNouveau Code du Duel
_h[electronic resource] /
_cCharles Du Verger Saint-Thomas
260 _bProject Gutenberg,
_c2012
506 _aPublic domain in the USA.
516 _aElectronic text
830 0 _aProject Gutenberg
_v41614
856 4 0 _uhttp://www.gutenberg.org/ebooks/41614
942 _cEB
999 _c270866
_d270866